Szegedi Szabadtéri Játékok 1962.
Elmentve itt :
| Szerzők: | |
|---|---|
| Dokumentumtípus: | Cikk |
| Megjelent: |
1962-07-21
|
| Sorozat: | Délmagyarország
52 No. 169 |
| Kulcsszavak: | Szabadtéri Játékok, Szegedi Szabadtéri játékok ismertető 1962 |
| Online Access: | http://dmarchiv.bibl.u-szeged.hu/77833 |
| LEADER | 00551nab a2200169 i 4500 | ||
|---|---|---|---|
| 001 | delm77833 | ||
| 005 | 20180928084338.0 | ||
| 008 | 180928s1962 hu o 0|| hun d | ||
| 040 | |a SZTE Délmagyarország Archívum |b hun | ||
| 041 | |a hun | ||
| 100 | 1 | |a Péter László | |
| 245 | 1 | 0 | |a Szegedi Szabadtéri Játékok 1962. |h [elektronikus dokumentum] / |c Péter László |
| 260 | |c 1962-07-21 | ||
| 300 | |a 8 | ||
| 490 | 0 | |a Délmagyarország |v 52 No. 169 | |
| 695 | |a Szabadtéri Játékok, Szegedi Szabadtéri játékok ismertető 1962 | ||
| 700 | 0 | 1 | |a Somogyi Károlyné |e aut |